[Event "EU-ch U16 Girls rapid"]
[Site "Terme Catez"]
[Date "2023.09.28"]
[Round "3"]
[White "Seemann, Pola"]
[Black "Slusarczyk, Anna"]
[Result "0-1"]
[WhiteElo "1700"]
[BlackElo "1792"]
[PlyCount "72"]
[EventDate "2023.09.28"]
[EventType "swiss (rapid)"]
[EventRounds "9"]
[EventCountry "SLO"]
[SourceTitle "EXT 2024"]
[Source "ChessBase"]
[SourceDate "2023.10.10"]
[SourceVersion "1"]
[SourceVersionDate "2023.10.10"]
[SourceQuality "1"]

1. e4 c5 2. Nf3 e6 3. d4 cxd4 4. Nxd4 a6 5. Nc3 Qc7 6. Be3 b5 7. Bd3 Bb7 8. 0-0 Nf6 9. Kh1 b4 10. Nce2 Bxe4 11. Bxe4 Nxe4 12. Qd3 d5 13. Rfe1 Bd6 14. Ng3 Nxg3+ 15. hxg3 Nd7 16. Bd2 Nc5 17. Qf5 0-0-0 18. Qg4 Ne4 19. Be3 h5 20. Qe2 Qc4 21. Qxc4+ dxc4 22. Nc6 Rd7 23. Bd4 f5 24. Kg1 Kb7 25. Na5+ Ka8 26. Nxc4 Bc7 27. Rad1 Rhd8 28. f3 Rxd4 29. Rxd4 Rxd4 30. b3 Bxg3 31. Rf1 Nd2 32. Rc1 Nxc4 33. bxc4 Rxc4 34. Rd1 Rxc2 35. Kf1 Rf2+ 36. Kg1 Rxa2 0-1

[Event "Warsaw Szansa blitz op"]
[Site "Warsaw"]
[Date "2023.09.16"]
[Round "4"]
[White "Licznerski, Lukasz"]
[Black "Slusarczyk, Anna"]
[Result "1-0"]
[WhiteElo "2414"]
[BlackElo "1650"]
[PlyCount "56"]
[EventDate "2023.09.16"]
[EventType "swiss (blitz)"]
[EventRounds "13"]
[EventCountry "POL"]
[SourceTitle "EXT 2024"]
[Source "ChessBase"]
[SourceDate "2023.10.10"]
[SourceVersion "1"]
[SourceVersionDate "2023.10.10"]
[SourceQuality "1"]

1. e4 c5 2. Nf3 e6 3. d4 cxd4 4. Nxd4 a6 5. Bd3 Bc5 6. Nb3 Ba7 7. 0-0 d6 8. Qe2 Nf6 9. Be3 Bxe3 10. Qxe3 0-0 11. c4 Nbd7 12. Nc3 Ne5 13. Be2 Qc7 14. Rac1 Bd7 15. Rfd1 Rac8 16. Qd2 Nxc4 17. Bxc4 Qxc4 18. Nd5 Qxe4 19. Ne7+ Kh8 20. Nxc8 Bxc8 21. Qxd6 Kg8 22. Rxc8 Rxc8 23. Qd8+ Ne8 24. Qxc8 Kf8 25. Nc5 Qe2 26. Qd8 f6 27. Nxb7 Qh5 28. h3 Qb5 1-0

[Event "POL-ch Blitz U18 Girls"]
[Site "Bydgoszcz"]
[Date "2023.08.31"]
[Round "1"]
[White "Predkiewicz, Paulina"]
[Black "Slusarczyk, Anna"]
[Result "1-0"]
[WhiteElo "1418"]
[BlackElo "1772"]
[PlyCount "64"]
[EventDate "2023.08.28"]
[EventType "swiss"]
[EventRounds "9"]
[EventCountry "POL"]
[SourceTitle "EXT 2024"]
[Source "ChessBase"]
[SourceDate "2023.10.10"]
[SourceVersion "1"]
[SourceVersionDate "2023.10.10"]
[SourceQuality "1"]

1. e4 c5 2. Nf3 e6 3. d4 cxd4 4. Nxd4 a6 5. Nc3 Qc7 6. Be3 Nf6 7. f3 Be7 8. Qd2 d6 9. 0-0-0 Nbd7 10. g4 h6 11. h4 b5 12. Bg2 Ne5 13. g5 Nc4 14. Qf2 Nxe3 15. Qxe3 hxg5 16. hxg5 Nh5 17. f4 Bb7 18. Bf3 g6 19. f5 e5 20. Nb3 gxf5 21. Bxh5 f4 22. Qf3 0-0-0 23. Nd5 Bxd5 24. exd5 Kb8 25. Bxf7 Bxg5 26. Kb1 Rhf8 27. Be6 Qc4 28. Na5 Qc5 29. Nc6+ Kb7 30. Nxd8+ Rxd8 31. Rh7+ Ka8 32. Qh5 Rf8 1-0

[Event "Portoroz op 14th"]
[Site "Portoroz"]
[Date "2023.07.16"]
[Round "2"]
[White "Motyckova, Monika"]
[Black "Slusarczyk, Anna"]
[Result "0-1"]
[WhiteElo "1285"]
[BlackElo "1749"]
[PlyCount "88"]
[EventDate "2023.07.15"]
[EventType "swiss"]
[EventRounds "9"]
[EventCountry "SLO"]
[SourceTitle "CBM 215 Extra"]
[Source "ChessBase"]
[SourceDate "2023.09.30"]
[SourceVersion "1"]
[SourceVersionDate "2023.09.30"]
[SourceQuality "1"]

1. e4 c5 2. Nc3 Nc6 3. Nf3 e6 4. d4 cxd4 5. Nxd4 a6 6. Be2 Qc7 7. Nxc6 bxc6 8. a3 Nf6 9. Bg5 Be7 10. 0-0 h6 11. Bh4 Bd6 12. Bg3 Bxg3 13. hxg3 Bb7 14. Re1 d5 15. Bf3 0-0 16. exd5 cxd5 17. Qd4 Rac8 18. Rac1 Nd7 19. Qh4 Ne5 20. Be2 Ng6 21. Qh5 d4 22. Nd1 Rfd8 23. Bd3 Rd5 24. Qh3 Ne5 25. Be4 d3 26. Nc3 d2 27. Nxd5 dxc1Q 28. Rxc1 Bxd5 29. Bxd5 exd5 30. Re1 Ng6 31. c3 Rb8 32. Re2 Qc4 33. Rd2 Re8 34. Rd1 Qe2 35. Rxd5 Qe1+ 36. Kh2 Qxf2 37. Rf5 Qa7 38. Rd5 Re1 39. Qc8+ Kh7 40. Kh3 Qg1 41. Qf5 Qh1+ 42. Kg4 Qxg2 43. Rd4 Qe2+ 44. Qf3 Ne5+ 0-1

[Event "Bohumin op-B 6th"]
[Site "Bohumin"]
[Date "2023.07.02"]
[Round "2"]
[White "Doniec, Mateusz"]
[Black "Slusarczyk, Anna"]
[Result "1/2-1/2"]
[WhiteElo "1460"]
[BlackElo "1749"]
[PlyCount "130"]
[EventDate "2023.07.01"]
[EventType "swiss"]
[EventRounds "9"]
[EventCountry "CZE"]
[SourceTitle "EXT 2024"]
[Source "ChessBase"]
[SourceDate "2023.10.10"]
[SourceVersion "1"]
[SourceVersionDate "2023.10.10"]
[SourceQuality "1"]

1. e4 c5 2. c3 Nf6 3. e5 Nd5 4. d4 cxd4 5. Nf3 Nc6 6. cxd4 e6 7. Bc4 d6 8. 0-0 Be7 9. Qe2 0-0 10. Rd1 a6 11. Nc3 Ncb4 12. h4 Nxc3 13. bxc3 Nd5 14. Bd2 h6 15. Bd3 f5 16. c4 Nc7 17. Ba5 Qd7 18. d5 Bd8 19. Bb4 Ne8 20. exd6 Nxd6 21. dxe6 Qc7 22. Ne5 Bf6 23. Rab1 Bxe6 24. Bxd6 Qxd6 25. Ng6 Rfe8 26. Qf3 Qc6 27. Rxb7 Qxf3 28. gxf3 Rad8 29. Nf4 Kh8 30. Re1 Bc8 31. Rxe8+ Rxe8 32. Rb8 Rd8 33. Bc2 g5 34. Nd5 Be6 35. Rb6 Bxd5 36. Rxf6 Kg7 37. Rxa6 Bxc4 38. Ra7+ Kf6 39. hxg5+ hxg5 40. a3 Be2 41. Ra5 Rc8 42. Bxf5 Rc3 43. Be4 g4 44. fxg4 Bxg4 45. Kg2 Bh3+ 46. Kh2 Bg4 47. a4 Rc4 48. f3 Bd7 49. Ra6+ Ke5 50. a5 Ra4 51. Rh6 Bc8 52. Rh8 Ba6 53. Kg3 Kd4 54. Rd8+ Kc5 55. Bd3 Bb7 56. a6 Bd5 57. Rd7 Ra3 58. a7 Bxf3 59. Kxf3 Kb6 60. a8Q Rxa8 61. Be4 Ra3+ 62. Kf4 Ra5 63. Bd5 Ra7 64. Rd8 Re7 65. Kf5 Kc7 1/2-1/2

[Event "EU Union-ch U14 19th"]
[Site "Mureck"]
[Date "2022.08.08"]
[Round "6"]
[White "Neuhoff, Laertes"]
[Black "Slusarczyk, Anna"]
[Result "1-0"]
[WhiteElo "1997"]
[BlackElo "1590"]
[PlyCount "55"]
[EventDate "2022.08.03"]
[EventType "swiss"]
[EventRounds "9"]
[EventCountry "AUT"]
[SourceTitle "EXT 2023"]
[Source "ChessBase"]
[SourceDate "2022.10.05"]
[SourceVersion "1"]
[SourceVersionDate "2022.10.05"]
[SourceQuality "1"]

1. e4 c5 2. Nf3 e6 3. g3 Nc6 4. Bg2 Nf6 5. Qe2 d6 6. 0-0 Qc7 7. Rd1 Be7 8. c3 0-0 9. d4 cxd4 10. cxd4 a6 11. d5 exd5 12. exd5 Ne5 13. Nxe5 dxe5 14. Nc3 Rd8 15. Bg5 Bg4 16. Bf3 Bxf3 17. Qxf3 e4 18. Qe3 b5 19. Rac1 Ng4 20. Qf4 Qxf4 21. Bxf4 f5 22. Bc7 Rd7 23. d6 Bf8 24. Nd5 Bxd6 25. Nb6 Bc5 26. Rxd7 Bxf2+ 27. Kg2 Re8 28. h3 1-0

[Event "EU Union-ch U14 19th"]
[Site "Mureck"]
[Date "2022.08.06"]
[Round "4"]
[White "Slusarczyk, Anna"]
[Black "Englert, Lin"]
[Result "1-0"]
[WhiteElo "1590"]
[BlackElo "1534"]
[PlyCount "107"]
[EventDate "2022.08.03"]
[EventType "swiss"]
[EventRounds "9"]
[EventCountry "AUT"]
[SourceTitle "EXT 2023"]
[Source "ChessBase"]
[SourceDate "2022.10.05"]
[SourceVersion "1"]
[SourceVersionDate "2022.10.05"]
[SourceQuality "1"]

1. d4 d5 2. c4 c6 3. Nf3 Nf6 4. Nc3 Bf5 5. h3 e6 6. g4 Bg6 7. Ne5 Nbd7 8. Bf4 Nxe5 9. Bxe5 Bd6 10. Bxd6 Qxd6 11. c5 Qc7 12. Bg2 0-0 13. Qd2 b6 14. b4 a5 15. Na4 bxc5 16. bxc5 Nd7 17. 0-0 Rfb8 18. a3 f6 19. f4 e5 20. f5 Bf7 21. g5 exd4 22. gxf6 Nxf6 23. Qxd4 Rb3 24. Nc3 Rab8 25. Rf3 Re8 26. Rd3 Qe5 27. Qxe5 Rxe5 28. Nxd5 Rxd3 29. Nxf6+ gxf6 30. exd3 Rxc5 31. Be4 Kf8 32. Kf2 Bd5 33. Ke3 Bb3 34. Kd4 Rc2 35. Rb1 a4 36. Bf3 Ke7 37. Bd1 c5+ 38. Ke4 Rh2 39. Bxb3 axb3 40. Rxb3 Rxh3 41. Kd5 Rh5 42. Rb7+ Kd8 43. Ke6 Rh3 44. Rd7+ Kc8 45. Rd5 c4 46. dxc4 Rxa3 47. Kxf6 Ra7 48. Ke6 Rc7 49. f6 Rc6+ 50. Rd6 Rxc4 51. f7 Rf4 52. Rd5 h5 53. Rf5 Re4+ 54. Kf6 1-0

[Event "Krakow Malopolski op"]
[Site "Krakow"]
[Date "2022.06.16"]
[Round "2"]
[White "Slusarczyk, Anna"]
[Black "Cichon, Jakub"]
[Result "1-0"]
[WhiteElo "1604"]
[BlackElo "1900"]
[PlyCount "73"]
[EventDate "2022.06.16"]
[EventType "swiss"]
[EventRounds "7"]
[EventCountry "POL"]
[SourceTitle "EXT 2023"]
[Source "ChessBase"]
[SourceDate "2022.10.05"]
[SourceVersion "1"]
[SourceVersionDate "2022.10.05"]
[SourceQuality "1"]

1. d4 Nf6 2. c4 e6 3. a3 b6 4. Nc3 Bb7 5. Nf3 d5 6. Bg5 Be7 7. e3 Nbd7 8. cxd5 exd5 9. Bd3 h6 10. Bf4 0-0 11. 0-0 c5 12. Nh4 g5 13. Nf5 gxf4 14. Nxh6+ Kh8 15. Qf3 Nh7 16. Bxh7 Kxh7 17. Nf5 Rh8 18. Qh5+ Kg8 19. Qg4+ Kf8 20. Qg7+ Ke8 21. Qxh8+ Nf8 22. Nxe7 Qxe7 23. exf4 Kd7 24. Rae1 Qd6 25. Qh3+ Ne6 26. Qf5 Qxf4 27. Re5 Rh8 28. Qxf4 Nxf4 29. Rf5 Ne6 30. Rxf7+ Kc6 31. Re1 Rh6 32. dxc5 bxc5 33. Nxd5 Ng5 34. Rf6+ Rxf6 35. Nxf6 Kb5 36. h4 Nf7 37. Re7 1-0

[Event "EU-ch Hybrid U14 Girls"]
[Site "Tornelo INT"]
[Date "2021.10.15"]
[Round "9"]
[White "Helliesen, Lykke Merlot"]
[Black "Slusarczyk, Anna"]
[Result "1-0"]
[WhiteElo "1719"]
[BlackElo "1520"]
[PlyCount "47"]
[EventDate "2021.10.15"]
[EventType "swiss"]
[EventRounds "9"]
[EventCountry "NET"]
[SourceTitle "EXT 2023"]
[Source "ChessBase"]
[SourceDate "2022.10.05"]
[SourceVersion "1"]
[SourceVersionDate "2022.10.05"]
[SourceQuality "1"]
[WhiteTeam "Norway"]
[BlackTeam "Poland"]
[WhiteTeamCountry "NOR"]
[BlackTeamCountry "POL"]

1. e4 c5 2. Nf3 e6 3. d4 cxd4 4. Nxd4 a6 5. c4 Nf6 6. Nc3 Qc7 7. a3 d6 8. f4 Nbd7 9. b4 b6 10. Be2 Bb7 11. Qd3 Rc8 12. Bb2 Be7 13. Rc1 0-0 14. 0-0 Qb8 15. g4 Ne8 16. g5 Nc7 17. Qh3 Qa7 18. Bd3 b5 19. Nd5 Bxd5 20. exd5 g6 21. Kh1 Qb7 22. Qh6 e5 23. Nf5 gxf5 24. Bxf5 1-0

[Event "EU-ch Hybrid U14 Girls"]
[Site "Tornelo INT"]
[Date "2021.10.15"]
[Round "7"]
[White "Sichinava, Mariam"]
[Black "Slusarczyk, Anna"]
[Result "1-0"]
[WhiteElo "1607"]
[BlackElo "1520"]
[PlyCount "104"]
[EventDate "2021.10.15"]
[EventType "swiss"]
[EventRounds "9"]
[EventCountry "NET"]
[SourceTitle "EXT 2023"]
[Source "ChessBase"]
[SourceDate "2022.10.05"]
[SourceVersion "1"]
[SourceVersionDate "2022.10.05"]
[SourceQuality "1"]
[WhiteTeam "Georgia"]
[BlackTeam "Poland"]
[WhiteTeamCountry "GEO"]
[BlackTeamCountry "POL"]

1. Nf3 d5 2. g3 Nf6 3. Bg2 Bf5 4. c4 c6 5. cxd5 cxd5 6. Qa4+ Nbd7 7. Nc3 e6 8. Ne5 Be7 9. g4 Bg6 10. h4 Bc2 11. Nxf7 Bxa4 12. Nxd8 Rxd8 13. Nxa4 h6 14. g5 hxg5 15. hxg5 Rxh1+ 16. Bxh1 Nh5 17. d4 g6 18. e4 Bb4+ 19. Ke2 b5 20. Nc3 Bxc3 21. bxc3 Nb6 22. Kd3 Kf7 23. exd5 exd5 24. Bf3 Ng7 25. a4 Nxa4 26. Bd1 Rd7 27. Bxa4 bxa4 28. Rxa4 Ne6 29. Ra6 Ke7 30. Bd2 Kf7 31. f4 Ke7 32. Ke3 Rb7 33. Kf3 Rb1 34. Rxa7+ Ke8 35. Ke2 Rh1 36. Ra5 Rh2+ 37. Kd3 Rh3+ 38. Kc2 Rh2 39. Rxd5 Nxf4 40. Re5+ Kd7 41. Re4 Nh3 42. Rh4 Ke6 43. Kb3 Rxd2 44. Rxh3 Rg2 45. Kc4 Rxg5 46. Re3+ Kd6 47. Rf3 Ke6 48. Kd3 Ra5 49. c4 Ra6 50. Ke4 Ke7 51. d5 Ra1 52. c5 Ra5 1-0

[Event "EU-ch Hybrid U14 Girls"]
[Site "Tornelo INT"]
[Date "2021.10.15"]
[Round "4"]
[White "Slusarczyk, Anna"]
[Black "Mplitsa, Artemis"]
[Result "1-0"]
[WhiteElo "1520"]
[BlackElo "1393"]
[PlyCount "103"]
[EventDate "2021.10.15"]
[EventType "swiss"]
[EventRounds "9"]
[EventCountry "NET"]
[SourceTitle "EXT 2023"]
[Source "ChessBase"]
[SourceDate "2022.10.05"]
[SourceVersion "1"]
[SourceVersionDate "2022.10.05"]
[SourceQuality "1"]
[WhiteTeam "Poland"]
[BlackTeam "Greece"]
[WhiteTeamCountry "POL"]
[BlackTeamCountry "GRE"]

1. d4 Nf6 2. c4 e6 3. Nf3 b6 4. a3 Ba6 5. Qc2 Be7 6. e4 Bb7 7. Nc3 d5 8. cxd5 exd5 9. e5 Nfd7 10. Bd3 h6 11. Bh7 c5 12. 0-0 Nf8 13. Bf5 Ne6 14. Bxe6 fxe6 15. dxc5 Bxc5 16. Qg6+ Kd7 17. Qxg7+ Be7 18. Nd4 Qg8 19. Qxg8 Rxg8 20. Bxh6 Bc5 21. Nce2 Ba6 22. Rfd1 Nc6 23. Bf4 Raf8 24. Bg3 Rg5 25. b4 Bxd4 26. Nxd4 Nxd4 27. Rxd4 Bc4 28. Rf4 Rxf4 29. Bxf4 Rg4 30. g3 Ke7 31. h3 Rg8 32. Kg2 Kf7 33. Be3 Rd8 34. Bd4 Kg6 35. f4 Kf5 36. Kf3 Rh8 37. g4+ Kg6 38. Kg3 Rh7 39. Rb1 b5 40. Re1 a6 41. h4 Bd3 42. h5+ Kf7 43. Kh4 Bc4 44. f5 Bd3 45. Kg5 Rg7+ 46. Kf4 Rh7 47. Rh1 exf5 48. gxf5 Be4 49. e6+ Ke7 50. Bc5+ Ke8 51. Rg1 Rh8 52. f6 1-0

[Event "EU-ch Hybrid U14 Girls"]
[Site "Tornelo INT"]
[Date "2021.10.15"]
[Round "2"]
[White "Slusarczyk, Anna"]
[Black "Omeri, Eklea"]
[Result "1/2-1/2"]
[WhiteElo "1520"]
[BlackElo "1237"]
[PlyCount "89"]
[EventDate "2021.10.15"]
[EventType "swiss"]
[EventRounds "9"]
[EventCountry "NET"]
[SourceTitle "EXT 2023"]
[Source "ChessBase"]
[SourceDate "2022.10.05"]
[SourceVersion "1"]
[SourceVersionDate "2022.10.05"]
[SourceQuality "1"]
[WhiteTeam "Poland"]
[BlackTeam "Albania"]
[WhiteTeamCountry "POL"]
[BlackTeamCountry "ALB"]

1. d4 d5 2. Nf3 Nf6 3. e3 Bf5 4. c4 c6 5. Nc3 e6 6. Qb3 Qc7 7. Bd2 Nbd7 8. Rc1 Qb6 9. c5 Qxb3 10. axb3 Ne4 11. b4 a6 12. Nh4 Nxd2 13. Kxd2 Bg6 14. Ra1 Rb8 15. Nxg6 hxg6 16. f3 Be7 17. e4 Bg5+ 18. Kc2 Bf4 19. exd5 exd5 20. Re1+ Kf8 21. h3 f5 22. g4 Kf7 23. Bd3 Kf6 24. Re2 Rbe8 25. gxf5 gxf5 26. b5 axb5 27. Bxb5 Rxe2+ 28. Bxe2 Rh4 29. Kd3 Nf8 30. Bd1 Ne6 31. Ne2 Bh6 32. Ba4 Nxc5+ 33. dxc5 Rxa4 34. Rb1 Rc4 35. b4 Ke5 36. Rb2 Bc1 37. Rc2 Rxc2 38. Kxc2 Bh6 39. Kd3 f4 40. Nd4 g5 41. Nb3 Bf8 42. Na5 Ke6 43. Nxb7 Kd7 44. Na5 Bg7 45. Nb3 1/2-1/2